Collected works /

Bibliographic Details
Main Author: Bohr, Niels, 1885-1962
Other Authors: Rosenfeld, L. (Leon), 1904-1974
Format: Book
Language:English
Published: Amsterdam : North-Holland Pub. Co., 1972-
Subjects:

MARC

Tag First Indicator Second Indicator Subfields
LEADER 00000cam a2200000 4500
001 in00000080236
005 20151008060901.0
008 721214m19729999ne ac b 00110 engm
010 |a  70126498  
015 |a Ne*** 
020 |a 0720418011 (v. 1) 
020 |a 0444100032 (Collected works) 
035 |a (OCoLC)00538755 
035 |9 AAJ6811AM 
040 |a DLC  |c DLC  |d m.c.  |d TXA  |d UtOrBLW 
041 0 |a eng  |h dan 
049 |a TXAM  |c 1  |v 1 [1147756]  |v 2 [1502522]  |v 3 [1505124]  |v 4 [1417728]  |v 5 [A09011924]  |v 6 [A09536225]  |v 8 [A11518754]  |v 9 [A09816405]  |c 2  |v 4 [1505125] 
050 0 0 |a QC3  |b .B584 
100 1 |a Bohr, Niels,  |d 1885-1962. 
245 1 0 |a Collected works /  |c Niels Bohr. 
264 1 |a Amsterdam :  |b North-Holland Pub. Co.,  |c 1972- 
300 |a volumes :  |b illustrations, portraits ;  |c 27 cm. 
336 |a text  |b txt  |2 rdacontent 
337 |a unmediated  |b n  |2 rdamedia 
338 |a volume  |b nc  |2 rdacarrier 
500 |a English and Danish. 
504 |a Includes bibliographical references and indexes. 
505 0 |a v. 1. Early work (1905-1911), edited by J. Rud Nielsen. -- v. 2. Work on atomic physics (1912-1917) / edited by Ulrich Hoyer -- v. 3. The correspondence principle (1918-1923), edited by J. Rud Nielden -- v. 4. The periodic system (1920-1923) -- v. 5. The emergence of quantum mechanics (mainly 1924-1926), edited by Klaus Stolzenburg -- v. 7. Foundations of quantum physics II (1933-1958) -- v. 10. Complementarity beyond physics (1928-1962) -- v. 11. The political arena (1934-1961) -- v. 12. Popularization and people (1911-1962). 
650 0 |a Physics. 
700 1 |a Rosenfeld, L.  |q (Leon),  |d 1904-1974. 
999 |a MARS 
999 f f |s 66a19f63-3ea1-3f65-b811-27bca74b6be3  |i be624477-a262-3b08-8320-e04843d6a626  |t 0 
952 f f |p ric  |a Texas A&M University  |b Rellis Campus  |c Joint Library Facility  |s JLF  |d Remote Storage  |t 0  |e QC3 .B584  |h Library of Congress classification  |i unmediated -- volume  |k v.9  |m A14809816405 
952 f f |p ric  |a Texas A&M University  |b Rellis Campus  |c Joint Library Facility  |s JLF  |d Remote Storage  |t 0  |e QC3 .B584  |h Library of Congress classification  |i unmediated -- volume  |k v.3  |m A14806455658 
952 f f |p ric  |a Texas A&M University  |b Rellis Campus  |c Joint Library Facility  |s JLF  |d Remote Storage  |t 0  |e QC3 .B584  |h Library of Congress classification  |i unmediated -- volume  |k v.4  |m A14804586801 
952 f f |p ric  |a Texas A&M University  |b Rellis Campus  |c Joint Library Facility  |s JLF  |d Remote Storage  |t 0  |e QC3 .B584  |h Library of Congress classification  |i unmediated -- volume  |k v.8  |m A14811518754 
952 f f |p ric  |a Texas A&M University  |b Rellis Campus  |c Joint Library Facility  |s JLF  |d Remote Storage  |t 0  |e QC3 .B584  |h Library of Congress classification  |i unmediated -- volume  |k v.7  |m A14820139509 
952 f f |p ric  |a Texas A&M University  |b Rellis Campus  |c Joint Library Facility  |s JLF  |d Remote Storage  |t 0  |e QC3 .B584  |h Library of Congress classification  |i unmediated -- volume  |k v.12  |m A14834835793 
952 f f |p ric  |a Texas A&M University  |b Rellis Campus  |c Joint Library Facility  |s JLF  |d Remote Storage  |t 0  |e QC3 .B584  |h Library of Congress classification  |i unmediated -- volume  |k v.1  |m A14804586796 
952 f f |p ric  |a Texas A&M University  |b Rellis Campus  |c Joint Library Facility  |s JLF  |d Remote Storage  |t 0  |e QC3 .B584  |h Library of Congress classification  |i unmediated -- volume  |k v.6  |m A14809536225 
952 f f |p ric  |a Texas A&M University  |b Rellis Campus  |c Joint Library Facility  |s JLF  |d Remote Storage  |t 0  |e QC3 .B584  |h Library of Congress classification  |i unmediated -- volume  |k v.11  |m A14833586757 
952 f f |p ric  |a Texas A&M University  |b Rellis Campus  |c Joint Library Facility  |s JLF  |d Remote Storage  |t 0  |e QC3 .B584  |h Library of Congress classification  |i unmediated -- volume  |k v.2  |m A14806206936 
952 f f |p ric  |a Texas A&M University  |b Rellis Campus  |c Joint Library Facility  |s JLF  |d Remote Storage  |t 0  |e QC3 .B584  |h Library of Congress classification  |i unmediated -- volume  |k v.10  |m A14824221617 
952 f f |p ric  |a Texas A&M University  |b Rellis Campus  |c Joint Library Facility  |s JLF  |d Remote Storage  |t 0  |e QC3 .B584  |h Library of Congress classification  |i unmediated -- volume  |k v.5  |m A14809011924 
998 f f |a QC3 .B584  |s v.1-v.12  |t 0  |l Remote Storage